| 000 | 00622nam a2200193Ia 4500 | ||
|---|---|---|---|
| 003 | OSt | ||
| 005 | 20250203092808.0 | ||
| 008 | 210210b1984 xxu||||| |||| 00| 0 eng d | ||
| 040 | _cAL | ||
| 041 | _aKannada | ||
| 082 | _aK894.4 MOHV | ||
| 100 |
_aMOHANA (V). _dಮೋಹನ (ವಿ) _9197042 |
||
| 245 |
_aVaicharika rangadalli adarsha rajyada kalpanegalu. _bವೈಚಾರಿಕ ರಂಗದಲ್ಲಿ ಆದರ್ಶ ರಾಜ್ಯದ ಕಲ್ಪನೆಗಳು |
||
| 260 |
_aMangaluru _bShri Devi Prakashana _c1984 |
||
| 300 | _a67 | ||
| 690 |
_aKannada Prose _9197043 |
||
| 906 | _aSG02519 | ||
| 942 |
_2ddc _cBK |
||
| 999 |
_c113496 _d113496 |
||